000 01236nab a2200289u 4500
001 15422
003 HDC
007 c| |||a|c|aaaa
008 210217b20130404my ||||| |||| 00| 0 may d
040 _aHDC
100 _aShahrizan Salian,
_eauthor
_98378
245 0 _aSasar kuasai pasaran ramuan halal
_c/ Shahrizan Salian
260 _aMalaysia:
_bNew Straits Times Press (M) Bhd.,
_c2013
300 _a1 online resource
336 _atext
_2rdacontent
337 _acomputer
_2rdamedia
338 _aonline resource
_2rdacarrier
650 _aWorld Halal Forum
_99440
650 _aWorld Halal Week
_99840
710 _aBERITA HARIAN
856 _zRequest full-text at [email protected]
856 _zRequest full-text at [email protected]
856 _zRequest full-text at [email protected]
942 _2lcc
942 _cNEWS
942 _kNWSC 003703
999 _c12738
_d12738